Southville International School and Colleges
Your cart is empty.
  • Cart
  • Lists
    Public lists list_1 View all
    Your lists Log in to create your own lists
  • Log in to your account
  • Your cookies
  • Search history
Southville International School and Colleges
  • Advanced search
  • Recent comments
  • Most popular
  • Libraries

Log in to your account

Log in with GOOGLE


If you do not have an external account, but do have a local account, you can still log in:

  1. Home
  2. MARC view: Continuing issues in early childhood education /
Normal view MARC view ISBD view

Continuing issues in early childhood education / (Record no. 344529)

[ view plain ]
MARC details
000 -LEADER
fixed length control field 00973nam a2200337Ia 4500
008 - FIXED-LENGTH DATA ELEMENTS--GENERAL INFORMATION
fixed length control field 171025s9999 xx 000 0 und d
020 ## - INTERNATIONAL STANDARD BOOK NUMBER
International Standard Book Number 9780132340984
050 ## - LIBRARY OF CONGRESS CALL NUMBER
Classification number 372.21
050 ## - LIBRARY OF CONGRESS CALL NUMBER
Item number C762 2009
245 ## - TITLE STATEMENT
Title Continuing issues in early childhood education /
245 ## - TITLE STATEMENT
Statement of responsibility, etc edited by Stephanie Feeney, Alice Galper, Carol Seefeldt.
260 ## - PUBLICATION, DISTRIBUTION, ETC. (IMPRINT)
Place of publication, distribution, etc New Jersey :
260 ## - PUBLICATION, DISTRIBUTION, ETC. (IMPRINT)
Name of publisher, distributor, etc Merill,
260 ## - PUBLICATION, DISTRIBUTION, ETC. (IMPRINT)
Date of publication, distribution, etc 2009
300 ## - PHYSICAL DESCRIPTION
Extent xxviii, 420 pages :
300 ## - PHYSICAL DESCRIPTION
Other physical details illustrations ;
300 ## - PHYSICAL DESCRIPTION
Dimensions 23cm.
500 ## - GENERAL NOTE
General note Includes includes.
650 ## - SUBJECT ADDED ENTRY--TOPICAL TERM
Topical term or geographic name as entry element Early childhood education --
650 ## - SUBJECT ADDED ENTRY--TOPICAL TERM
Topical term or geographic name as entry element Early childhood education --
650 ## - SUBJECT ADDED ENTRY--TOPICAL TERM
Topical term or geographic name as entry element Early childhood education --
650 ## - SUBJECT ADDED ENTRY--TOPICAL TERM
Topical term or geographic name as entry element Teachers --
650 ## - SUBJECT ADDED ENTRY--TOPICAL TERM
General subdivision Curricula -- United States.
650 ## - SUBJECT ADDED ENTRY--TOPICAL TERM
General subdivision Finance.
650 ## - SUBJECT ADDED ENTRY--TOPICAL TERM
General subdivision Training of -- United States.
650 ## - SUBJECT ADDED ENTRY--TOPICAL TERM
General subdivision United States -- Evaluation.
700 ## - ADDED ENTRY--PERSONAL NAME
Personal name Feeney, Stephanie.
700 ## - ADDED ENTRY--PERSONAL NAME
Personal name Galper, Alice.
700 ## - ADDED ENTRY--PERSONAL NAME
Personal name Seefeldt, Carol.
700 ## - ADDED ENTRY--PERSONAL NAME
Personal name Title.
Holdings
Withdrawn status Lost status Damaged status Home library Current library Date acquired Total Checkouts Full call number Barcode Date last seen Price effective from Koha item type
      Stonyhurst Southville International School (Malarayat) Stonyhurst Southville International School (Malarayat) 10/25/2017   SHS 372.21 C762 2009 SSISM3582 10/25/2017 10/25/2017 Books

Continuing issues in early childhood education /

APA

Feeney S., Galper A., Seefeldt C. & Title.Continuing issues in early childhood education. New Jersey: .

Chicago

Feeney Stephanie, Galper Alice, Seefeldt Carol and Title.Continuing issues in early childhood education. New Jersey: .

Harvard

Feeney S., Galper A., Seefeldt C. and Title.Continuing issues in early childhood education. New Jersey: .

MLA

Feeney Stephanie, Galper Alice, Seefeldt Carol and Title.New Jersey: . .

  • Place hold
  • Print
  • Cite
  • Add to your cart (remove)
  • Save record
    BIBTEX Dublin Core MARCXML MARC (non-Unicode/MARC-8) MARC (Unicode/UTF-8) MARC (Unicode/UTF-8, Standard) MODS (XML) RIS
  • More searches
    Search for this title in:
    Other Libraries (WorldCat) Other Databases (Google Scholar) Online Stores (Bookfinder.com) Open Library (openlibrary.org)

Exporting to Dublin Core...

SOUTHVILLE LIBRARY

Southville International School and Colleges Library

1281 Tropical Ave. Cor. Luxembourg St., BF Homes International, Las Pinas City

Tel. No. 8256374 / 252358 Loc. 117/146

Powered by Koha